Islam Ka Nizam Iffat wa Ismat : / اسلام کا نظام عفت و عصمت (Record no. 27244)

MARC details
000 -LEADER
fixed length control field 00506nam a22001697a 4500
003 - CONTROL NUMBER IDENTIFIER
control field BDDh-ASL
005 - DATE AND TIME OF LATEST TRANSACTION
control field 20231015030737.0
008 - FIXED-LENGTH DATA ELEMENTS--GENERAL INFORMATION
fixed length control field 211028s1962 ii ||||| |||| 00| 0 u d
040 ## - CATALOGING SOURCE
Original cataloging agency BDDh-ASL
Transcribing agency BDDh-ASL
082 ## - DEWEY DECIMAL CLASSIFICATION NUMBER
Classification number 297.3
Item number ZAI
100 1# - MAIN ENTRY--PERSONAL NAME
9 (RLIN) 5485
Personal name Zafiruddin, Mohammad
245 10 - TITLE STATEMENT
Title Islam Ka Nizam Iffat wa Ismat : / اسلام کا نظام عفت و عصمت
260 ## - PUBLICATION, DISTRIBUTION, ETC.
Place of publication, distribution, etc. Delhi :
Name of publisher, distributor, etc. Nadwatul Musannifeen ,
Date of publication, distribution, etc. 1962.
300 ## - PHYSICAL DESCRIPTION
Extent 291 p. :
Dimensions 26 cm.
650 #0 - SUBJECT ADDED ENTRY--TOPICAL TERM
9 (RLIN) 1652
Topical term or geographic name entry element Islam
942 ## - ADDED ENTRY ELEMENTS (KOHA)
Source of classification or shelving scheme Dewey Decimal Classification
Koha item type Books
Holdings
Withdrawn status Lost status Source of classification or shelving scheme Damaged status Not for loan Collection code Home library Current library Shelving location Date acquired Source of acquisition Serial Enumeration / chronology Total Checkouts Full call number Barcode Date last seen Copy number Price effective from Koha item type
    Dewey Decimal Classification     Non-fiction Asiatic Society Library Asiatic Society Library General Stacks 10/28/2021 ASB Library Collection U-0648   297.3 ZAI 113332 10/28/2021 C-1 10/28/2021 Books

Powered by Koha